| 000 | 00576nam a2200205Ii 4500 | ||
|---|---|---|---|
| 003 | JO-AjNU | ||
| 008 | 230606s9999||||xx |||||||||||||| ||und|| | ||
| 020 | _a81-7890-0055-6 | ||
| 040 |
_aJO-AjNU _beng _erda _cJO-AjNU |
||
| 041 | _aeng | ||
| 050 | 1 | 4 | _aLC3957 2005 |
| 100 | 3 |
_aMehndiratta,Mamta, _eauthor _9142 |
|
| 245 | 0 | 0 | _aDictionary Of Special Education |
| 264 | 3 | 1 | _aNew Delhi:IVY Publishing House,2005 |
| 300 | _a138P | ||
| 336 |
_atext _btxt _2rdacontent |
||
| 337 |
_aunmediated _bn _2rdamedia |
||
| 338 |
_avolume _bnc _2rdacarrier |
||
| 650 | 4 |
_aSpecial Education _9143 |
|
| 999 |
_aE75 _c75 _d75 |
||